000 00454nam a22001577a 4500
005 20170606120046.0
008 170606b xxu||||| |||| 00| 0 eng d
020 _a9773426297
040 _cPK-LaUMT
082 _aZIAC 297.01
_bMUH-M
100 _aMuhammad Ammarah
245 _aMualim ul manhaj ul Islami/
_cMuhammad Ammarah
260 _aبیروت:
_bالمعھد العالمی للفکر الاسلامی،
_c2008
300 _a269 ص
942 _cBK
999 _c94423
_d94423